| 000 | 00441nam a2200181Ia 4500 | ||
|---|---|---|---|
| 001 | 8058 | ||
| 005 | 20260306160541.0 | ||
| 008 | 260306t2000||||xx |||||||||||||| ||spa|| | ||
| 041 | _aESP | ||
| 082 |
_a370.1 _bF85 |
||
| 100 |
_aFlórez Ochoa, Rafael _eAUT |
||
| 245 | 0 | _aHacia una pedagogía del conocimiento texto impreso | |
| 260 | _c2000 | ||
| 300 |
_a311 páginas : _c |
||
| 650 | _aGEN | ||
| 654 | _aCED | ||
| 942 |
_cLIB _dJUS _fJUS _2ddc _n |
||
| 999 |
_c8058 _d8058 |
||